Informácia o cieľoch a priebehu realizácie projektu KEGA Č.450/06

Informácia o priebehu realizácie grantovej úlohy a náčrt cieľov a zameranie predmetu v jeho nových podmienkach.

Gespeichert in:
Bibliographische Detailangaben
1. Verfasser: Meluchová, Jitka, 1965-
Format: Buchkapitel
Sprache:Slowakisch
Schlagworte:
Tags: Tag hinzufügen
Keine Tags, Fügen Sie das erste Tag hinzu!

MARC

LEADER 00000naa$a2200000$$$4500
001 0075561
005 20240514133810.2
041 0 |a slo 
044 |a SK 
245 1 0 |a Informácia o cieľoch a priebehu realizácie projektu KEGA Č.450/06  |c Jitka Meluchová 
520 |a Informácia o priebehu realizácie grantovej úlohy a náčrt cieľov a zameranie predmetu v jeho nových podmienkach. 
610 2 0 |a účtovníctvo finančné 
610 2 0 |a projekty 
610 2 0 |a poisťovníctvo 
610 2 0 |a vyučovanie 
610 2 0 |a školy vysoké 
100 1 |a Meluchová, Jitka, 1965-